| 000 | 00732nam a2200181 a 4500 | ||
|---|---|---|---|
| 001 | 000041137 | ||
| 005 | 20250924073803.0 | ||
| 008 | 130919s2008 dr 000 0 spa d | ||
| 040 |
_aDO-SdBNP _bspa _cBNPHU |
||
| 100 | 1 |
_aGrullón Torres, Pedro B. _919036 |
|
| 245 | 1 | 0 |
_aLatín básico : _bgramática, frase latinas y vocabulario / _cPedro B. Grullón Torres ; prólogo Anibal Campagna. |
| 260 |
_aSanto Domingo : _bUniversidad Autónoma de Santo Domingo, _c2008. |
||
| 300 |
_a292 p. ; _c22 cm. |
||
| 490 | 1 | _aPublicaciones de la Universidad Autónoma de Santo Domingo | |
| 504 | _aBibligrafía : p. 290-292 | ||
| 700 | 1 |
_aCampagna, Anibal _epról. _967682 |
|
| 830 |
_aPublicaciones de la Universidad Autónoma de Santo Domingo _952 |
||
| 999 |
_c40627 _d40627 |
||